American Indian games / (Record no. 34560)
[ view plain ]
| 000 -LEADER | |
|---|---|
| fixed length control field | 01277pam a2200397 a 4500 |
| 001 - CONTROL NUMBER | |
| control field | 3051700 |
| 003 - CONTROL NUMBER IDENTIFIER | |
| control field | OSt |
| 005 - DATE AND TIME OF LATEST TRANSACTION | |
| control field | 20140310184449.0 |
| 008 - FIXED-LENGTH DATA ELEMENTS--GENERAL INFORMATION | |
| fixed length control field | 960318s1996 nyuab b b 001 0 eng |
| 010 ## - LIBRARY OF CONGRESS CONTROL NUMBER | |
| LC control number | 96013477 |
| 020 ## - INTERNATIONAL STANDARD BOOK NUMBER | |
| International Standard Book Number | 9780516238463 |
| 040 ## - CATALOGING SOURCE | |
| Original cataloging agency | DLC |
| Transcribing agency | DLC |
| Modifying agency | DLC |
| 042 ## - AUTHENTICATION CODE | |
| Authentication code | lcac |
| 043 ## - GEOGRAPHIC AREA CODE | |
| Geographic area code | n------ |
| 050 00 - LIBRARY OF CONGRESS CALL NUMBER | |
| Classification number | E 98.G2 |
| Item number | .M55 1996 |
| 100 1# - MAIN ENTRY--PERSONAL NAME | |
| Personal name | Miller, Jay, |
| Dates associated with a name | 1947- |
| 9 (RLIN) | 27913 |
| 245 10 - TITLE STATEMENT | |
| Title | American Indian games / |
| Statement of responsibility, etc | by Jay Miller. |
| 260 ## - PUBLICATION, DISTRIBUTION, ETC. (IMPRINT) | |
| Place of publication, distribution, etc | New York, NY : |
| Name of publisher, distributor, etc | Scholastic Inc., |
| Date of publication, distribution, etc | 1996. |
| 300 ## - PHYSICAL DESCRIPTION | |
| Extent | 47 p. : |
| Other physical details | col. ill. ; |
| Dimensions | 21 cm. |
| 440 #2 - SERIES STATEMENT/ADDED ENTRY--TITLE | |
| Title | A true book |
| 9 (RLIN) | 24300 |
| 521 ## - TARGET AUDIENCE NOTE | |
| Target audience note | |
| 526 ## - STUDY PROGRAM INFORMATION NOTE | |
| Reading level | 770 |
| 650 #0 - SUBJECT ADDED ENTRY--TOPICAL TERM | |
| Topical term or geographic name as entry element | Indians of North America |
| General subdivision | Games |
| -- | Juvenile literature. |
| 9 (RLIN) | 27914 |
| 650 #0 - SUBJECT ADDED ENTRY--TOPICAL TERM | |
| Topical term or geographic name as entry element | Indians of North America |
| General subdivision | Sports |
| -- | Juvenile literature. |
| 9 (RLIN) | 27915 |
| 650 #1 - SUBJECT ADDED ENTRY--TOPICAL TERM | |
| Topical term or geographic name as entry element | Indians of North America |
| General subdivision | Games. |
| 9 (RLIN) | 27916 |
| 650 #1 - SUBJECT ADDED ENTRY--TOPICAL TERM | |
| Topical term or geographic name as entry element | Indians of North America |
| General subdivision | Social life and customs. |
| 9 (RLIN) | 27917 |
| 906 ## - LOCAL DATA ELEMENT F, LDF (RLIN) | |
| a | 7 |
| b | cbc |
| c | orignew |
| d | 1 |
| e | ocip |
| f | 19 |
| g | y-gencatlg |
| 942 ## - ADDED ENTRY ELEMENTS (KOHA) | |
| Source of classification or shelving scheme | Library of Congress Classification |
| Koha item type | |
| Withdrawn status | Lost status | Source of classification or shelving scheme | Damaged status | Home library | Current library | Shelving location | Date acquired | Total Checkouts | Full call number | Barcode | Date last seen | Copy number | Price effective from | Koha item type |
|---|---|---|---|---|---|---|---|---|---|---|---|---|---|---|
| Library of Congress Classification | Luxembourg Library | Luxembourg Library | Scholastic Reading Center Section | 10/10/2013 | E 98.G2 .M55 1996 | LEX2888 | 04/18/2017 | 1 | 10/10/2013 | Books | ||||
| Library of Congress Classification | Luxembourg Library | Luxembourg Library | Scholastic Reading Center Section | 10/10/2013 | E 98.G2 .M55 1996 | LEX2887 | 04/18/2017 | 2 | 10/10/2013 | Books | ||||
| Library of Congress Classification | Luxembourg Library | Luxembourg Library | Scholastic Reading Center Section | 10/10/2013 | E 98.G2 .M55 1996 | LEX2886 | 04/18/2017 | 3 | 10/10/2013 | Books | ||||
| Library of Congress Classification | Luxembourg Library | Luxembourg Library | Scholastic Reading Center Section | 10/10/2013 | E 98.G2 .M55 1996 | LEX2891 | 04/18/2017 | 4 | 10/10/2013 | Books | ||||
| Library of Congress Classification | Luxembourg Library | Luxembourg Library | Scholastic Reading Center Section | 10/10/2013 | E 98.G2 .M55 1996 | LEX2890 | 04/18/2017 | 5 | 10/10/2013 | Books | ||||
| Library of Congress Classification | Luxembourg Library | Luxembourg Library | Scholastic Reading Center Section | 10/11/2013 | E 98.G2 .M55 1996 | LEX2885 | 10/26/2018 | 1 | 10/11/2013 | Books | ||||
| Library of Congress Classification | Luxembourg Library | Luxembourg Library | Scholastic Reading Center Section | 10/12/2013 | E 98.G2 .M55 1996 | LEX2892 | 04/18/2017 | 8 | 10/12/2013 | Books | ||||
| Library of Congress Classification | Luxembourg Library | Luxembourg Library | Scholastic Reading Center Section | 10/12/2013 | E 98.G2 .M55 1996 | LEX2889 | 04/18/2017 | 9 | 10/12/2013 | Books |